00707nam a2200217Ia 450000500170000000800410001704000190005804100120007708200160008910000180010524500960012325000120021926000520023130000280028344000520031150400190036365000330038265100420041570000220045785000100047920230616105421.0131103s9999 xx 000 0 und d aLoreto College aEnglish a940.25bRED aReddaway,W.F. 2aA history of Europeb from 1715 to 1814 cW.F.Reddaway; bibliography revised by B.L.Greaves a4th ed. aLondonbMethuen & Co Ltd.c1951 (1961 printing) axiii,559 p.b ill.,maps aMethuen's History Of Medieval And Modern Europe aIncludes index aModern History - 1715 - 1814 aEurope - Modern History - 1715 - 1814 aGreaves,B.L.,rev. aLCLIB